| 000 -LEADER | |
|---|---|
| fixed length control field | 00409nam a22001577a 4500 |
| 005 - DATE AND TIME OF LATEST TRANSACTION | |
| control field | 20180131142228.0 |
| 008 - FIXED-LENGTH DATA ELEMENTS--GENERAL INFORMATION | |
| fixed length control field | 160513b xxu||||| |||| 00| 0 eng d |
| 041 ## - LANGUAGE CODE | |
| Language code of text/sound track or separate title | eng |
| 082 ## - DEWEY DECIMAL CLASSIFICATION NUMBER | |
| Item number | 1871 |
| Classification number | 004 |
| 100 ## - MAIN ENTRY--AUTHOR NAME | |
| Personal name | Peter Norton |
| 245 ## - TITLE STATEMENT | |
| Title | Introduction to Computers |
| 260 ## - PUBLICATION, DISTRIBUTION, ETC. (IMPRINT) | |
| Place of publication | New Delhi |
| Name of publisher | Tata Mc Graw Hill Education P. Ltd., |
| Year of publication | 2006 |
| 300 ## - PHYSICAL DESCRIPTION | |
| Number of Pages | 592 |
| 650 ## - SUBJECT ADDED ENTRY--TOPICAL TERM | |
| Topical Term | Information Technology |
| 942 ## - ADDED ENTRY ELEMENTS (KOHA) | |
| Koha item type | Books |
| Lost status | Damaged status | Collection code | Home library | Current library | Shelving location | Date acquired | Source of acquisition | Full call number | Accession Number | Koha item type |
|---|---|---|---|---|---|---|---|---|---|---|
| CS/IT | JRU Library | JRU Library | SHELF-48-B | 13/05/2016 | PURCHASE | 004 | 1871 | Books | ||
| CS/IT | JRU Library | JRU Library | SHELF-48-B | 13/05/2016 | PURCHASE | 004 | 1872 | Books | ||
| CS/IT | JRU Library | JRU Library | SHELF-48-B | 13/05/2016 | PURCHASE | 004 | 1873 | Books | ||
| CS/IT | JRU Library | JRU Library | SHELF-57-A | 13/05/2016 | 1871 | 1874 | Books | |||
| CS/IT | JRU Library | JRU Library | SHELF-48-B | 13/05/2016 | PURCHASE | 004 | 1875 | Books | ||
| CS/IT | JRU Library | JRU Library | SHELF-48-B | 13/05/2016 | PURCHASE | 004 | 1876 | Books | ||
| CS/IT | JRU Library | JRU Library | SHELF-48-B | 13/05/2016 | PURCHASE | 004 | 1877 | Books | ||
| CS/IT | JRU Library | JRU Library | SHELF-74-J | 13/05/2016 | 1871 | 1878 | Books | |||
| CS/IT | JRU Library | JRU Library | SHELF-48-B | 13/05/2016 | PURCHASE | 004 | 1879 | Books | ||
| CS/IT | JRU Library | JRU Library | SHELF-74-J | 13/05/2016 | 1871 | 1880 | Books | |||
| CS/IT | JRU Library | JRU Library | SHELF-48-B | 13/05/2016 | PURCHASE | 004 | 1881 | Books | ||
| CS/IT | JRU Library | JRU Library | SHELF-48-B | 13/05/2016 | PURCHASE | 004 | 1882 | Books | ||
| CS/IT | JRU Library | JRU Library | SHELF-48-B | 13/05/2016 | PURCHASE | 004 | 1883 | Books | ||
| CS/IT | JRU Library | JRU Library | SHELF-48-B | 13/05/2016 | PURCHASE | 004 | 1884 | Books | ||
| CS/IT | JRU Library | JRU Library | SHELF-48-B | 13/05/2016 | PURCHASE | 004 | 1885 | Books | ||
| CS/IT | JRU Library | JRU Library | SHELF-48-B | 13/05/2016 | PURCHASE | 004 | 1886 | Books |